[Event "Challenge"]
[Site "http://www.queenalice.com/game.php?id=990903"]
[Date "2011.9.28"]
[Round "-"]
[White "lafayette"]
[Black "rafaelcanuto"]
[Result "0-1"]
[WhiteElo "1210"]
[BlackElo "1634"]

1. d4 e6 2. Qd3 Qf6 3. c3 c5 4. d5 a5 5. d6 e5 6. Na3 Qxd6 7. Qb5 b6 8. f3 Ba6
9. Qb3 Nf6 10. h4 h5 11. c4 e4 12. f4 Ng4 13. Nb5 Bxb5 14. cxb5 a4 15. Qc2 f5
16. Nh3 Be7 17. g3 Qd5 18. Ng5 Bxg5 19. Bd2 Be7 20. Qc3 e3 21. Qxg7 Bf6 22. Qg6+
Kf8 23. Bxe3 Qxh1 24. Qxf5 Kf7 25. Rd1 Nxe3 26. Rxd7+ Nxd7 27. Qd3 Qxf1+ 28. Kd2
Rhe8 29. Qh7+ Ke6 30. Kxe3 Kd6+ 31. Kd2 Qxe2+ 32. Kc1 Qxb2+ 33. Kd1 Re2 34. Qd3+
Bd4 35. Qxe2 Qxe2+ 36. Kxe2 Re8+ 0-1

[Event "Challenge"]
[Site "http://www.queenalice.com/game.php?id=990904"]
[Date "2011.9.28"]
[Round "-"]
[White "jeffersonpacaembu"]
[Black "rafaelcanuto"]
[Result "0-1"]
[WhiteElo "1451"]
[BlackElo "1614"]

1. e4 e6 2. Nf3 Nc6 3. g3 Qf6 4. c4 a5 5. Bg2 Nb4 6. a3 Nc6 7. O-O h5 8. d3 Nd4
9. Nbd2 Nxf3+ 10. Nxf3 g5 11. Bxg5 Qxb2 12. Rb1 Qxa3 13. e5 a4 14. d4 d5 15.
cxd5 exd5 16. Qc2 c6 17. Qb2 Qxb2 18. Rxb2 a3 19. Ra2 b5 0-1

[Event "Challenge"]
[Site "http://www.queenalice.com/game.php?id=990905"]
[Date "2011.9.28"]
[Round "-"]
[White "rafaelcanuto"]
[Black "jeffersonpacaembu"]
[Result "1-0"]
[WhiteElo "1623"]
[BlackElo "1442"]

1. e3 e5 2. Qf3 g6 3. h4 Nf6 4. Nh3 Bg7 5. Bc4 O-O 6. Ng5 d6 7. g4 Bxg4 8. Qxb7
Nbd7 9. Qb3 Rb8 10. Qa3 d5 11. Bb5 Rxb5 12. Qxa7 c6 13. a4 Rc5 14. c3 Ra5 15.
Qb7 Nc5 16. Qxc6 Nd3+ 17. Kf1 Nxc1 18. d4 Qc8 19. Qb6 Ra6 20. Qb4 Ra7 21. Qa3
1-0

[Event "Challenge"]
[Site "http://www.queenalice.com/game.php?id=990907"]
[Date "2011.9.28"]
[Round "-"]
[White "ElvisCarvalho"]
[Black "rafaelcanuto"]
[Result "1-0"]
[WhiteElo "1360"]
[BlackElo "1596"]

1. e4 e6 2. Nf3 Nf6 3. d3 Nc6 4. Nc3 d5 5. Bg5 dxe4 6. Nxe4 h6 7. Be3 e5 8. Be2
a5 9. O-O Nxe4 10. dxe4 g5 11. Nd2 f6 12. c3 a4 13. Qc2 h5 14. Bb5 a3 15. bxa3
Rxa3 16. Nb1 Ra5 17. Ba4 b5 18. Bb3 Ba6 19. Re1 b4 20. Rd1 Qb8 21. cxb4 Nxb4 22.
Qc3 h4 23. a3 c5 24. Rd6 Bxd6 25. Nd2 Nc6 26. Nc4 Bxc4 27. Qxc4 Nd8 28. a4 h3
29. Qc2 1-0

[Event "Challenge"]
[Site "http://www.queenalice.com/game.php?id=990912"]
[Date "2011.9.28"]
[Round "-"]
[White "rafaelcanuto"]
[Black "ElvisCarvalho"]
[Result "0-1"]
[WhiteElo "1571"]
[BlackElo "1385"]

1. e3 e5 2. Qf3 f6 3. Qh5+ g6 4. Qh4 Be7 5. Bc4 d6 6. Bxg8 Rxg8 7. Qxh7 Kf8 8.
d4 Bf5 9. Na3 exd4 10. exd4 Nc6 11. c3 d5 12. h4 Qd7 13. Qh6+ Kf7 14. Qf4 Bd6
15. Qf3 Rge8+ 16. Ne2 Bg4 17. Qd3 Rxe2+ 18. Kf1 Qe7 19. f3 Re1+ 20. Kf2 Rxh1 21.
fxg4 Rxh4 22. Qd1 Qe6 23. g3 Rxg4 24. Nc2 Rxg3 25. Ne3 Rh8 26. Ke2 Rh2+ 27. Kf1
Rh1+ 28. Kf2 Rxd1 29. Nxd1 Qf5+ 30. Ke2 Qg4+ 31. Kd2 Qe4 0-1

[Event "Challenge"]
[Site "http://www.queenalice.com/game.php?id=990914"]
[Date "2011.9.28"]
[Round "-"]
[White "los6enanitos"]
[Black "rafaelcanuto"]
[Result "1-0"]
[WhiteElo "1553"]
[BlackElo "1628"]

1. e4 e6 2. d4 d5 3. Bd3 c5 4. Nf3 f5 5. exf5 exf5 6. Qe2+ Kf7 7. Ng5+ Kf6 8.
Qe5+ Kg6 9. g4 Qf6 10. Qe8+ Kh6 11. Qh5# 1-0

[Event "Challenge"]
[Site "http://www.queenalice.com/game.php?id=991259"]
[Date "2011.9.29"]
[Round "-"]
[White "rafaelcanuto"]
[Black "lafayette"]
[Result "1-0"]
[WhiteElo "1632"]
[BlackElo "1212"]

1. e3 e6 2. Qf3 Qe7 3. b3 c6 4. Ba3 c5 5. Nh3 Qf6 6. c3 a5 7. d4 a4 8. Bxc5 d6
9. Bb5+ Ke7 10. Ba3 axb3 11. axb3 e5 12. Bxd6+ Kxd6 13. Rxa8 Kc7 14. dxe5 Qxf3
15. gxf3 h5 16. Ng5 Nh6 17. Nd2 Bf5 18. e4 Bg6 19. h4 Be7 20. Bc4 Rd8 21. e6 f6
22. Nf7 Nxf7 23. exf7 Bh7 24. Rg1 g6 25. f4 f5 26. e5 Kc6 27. Ra5 Bxh4 28. Nf3
b6 29. Nd4+ Kd7 30. e6+ Ke7 31. Ra7+ Kf8 32. e7+ Bxe7 33. Ne6+ Kxf7 34. Nxd8+
1-0

[Event "Challenge"]
[Site "http://www.queenalice.com/game.php?id=991260"]
[Date "2011.9.29"]
[Round "-"]
[White "silvc"]
[Black "rafaelcanuto"]
[Result "1-0"]
[WhiteElo "1426"]
[BlackElo "1454"]

1. e4 e6 2. c4 d5 3. Nc3 dxc4 4. Qa4+ Bd7 5. Qxc4 a6 6. e5 b5 7. Qe4 Bc6 8. Qg4
h5 9. Qe2 Nd7 10. d4 Bb4 11. Nf3 Bxc3+ 12. bxc3 Bxf3 13. Qxf3 c5 14. g3 f6 15.
Bh3 cxd4 16. cxd4 Qa5+ 17. Bd2 b4 18. Qxa8+ Qd8 19. Qxa6 fxe5 20. Bxb4 exd4 21.
Bxe6 Ngf6 22. O-O Nb8 23. Qb5+ Nbd7 24. Rfe1 d3 25. Bxd7+ Kf7 26. Be6+ Kg6 27.
Qf5+ Kh6 28. Bd2+ g5 29. Qxg5+ 1-0

[Event "Challenge"]
[Site "http://www.queenalice.com/game.php?id=991261"]
[Date "2011.9.29"]
[Round "-"]
[White "rafaelcanuto"]
[Black "silvc"]
[Result "0-1"]
[WhiteElo "1433"]
[BlackElo "1443"]

1. e3 Nc6 2. Qf3 d5 3. c4 Ne5 4. Qf4 Nxc4 5. Bxc4 dxc4 6. Qxc4 Nf6 7. Nf3 Qd6 8.
Ng5 Be6 9. Nxe6 fxe6 10. O-O h5 11. g3 g5 12. a4 O-O-O 13. a5 Bg7 14. a6 b6 15.
Nc3 h4 16. Ne4 Nxe4 17. Qxe4 hxg3 18. fxg3 e5 19. Qb7+ Kd7 20. Qxa7 Ra8 21. Qb7
Qc6 22. Qxc6+ Kxc6 23. Rf5 Bf6 24. d4 e4 25. b4 Kd6 26. Kg2 c6 27. a7 Rhf8 0-1

[Event "Challenge"]
[Site "http://www.queenalice.com/game.php?id=991263"]
[Date "2011.9.29"]
[Round "-"]
[White "rafaelcanuto"]
[Black "lafayette"]
[Result "1-0"]
[WhiteElo "1603"]
[BlackElo "1222"]

1. e3 e6 2. Qf3 Nf6 3. h4 Nc6 4. b3 a5 5. Bb2 Nb4 6. Bd3 c6 7. a3 Nbd5 8. e4 Nb6
9. Bxf6 gxf6 10. Ne2 a4 11. b4 f5 12. exf5 e5 13. h5 Qg5 14. Nbc3 d5 15. Qg3 Qf6
16. b5 c5 17. f3 d4 18. Ne4 Bxf5 19. Nxf6+ Kd8 20. Bxf5 Nc4 21. d3 Kc7 22. Nd5+
Kd6 23. dxc4 Bh6 24. Qh4 Bg7 25. h6 Bf8 26. Qf6# 1-0

[Event "Challenge"]
[Site "http://www.queenalice.com/game.php?id=993197"]
[Date "2011.10.4"]
[Round "-"]
[White "rafaelcanuto"]
[Black "reccar"]
[Result "0-1"]
[WhiteElo "1417"]
[BlackElo "1405"]

1. e3 e5 2. Qf3 Nf6 3. a4 d5 4. c4 e4 5. Qg3 Nh5 6. Qe5+ Be7 7. Qxh5 O-O 8. d3
dxc4 9. dxe4 Bb4+ 10. Bd2 Bxd2+ 11. Nxd2 Be6 12. Rd1 Nd7 13. Bxc4 Bxc4 14. Nxc4
Qe8 15. e5 Nb6 16. Nxb6 cxb6 17. Nf3 Rd8 18. Rxd8 Qxd8 19. Ng5 h6 20. Ne4 Qc8
21. f4 Qc1+ 22. Qd1 Qxb2 0-1